000 00363nam a2200157Ia 4500
008 230312s9999||||xx |||||||||||||| ||und||
020 _a8131760932
082 _a658.4
_bROB-O
100 _aRobbins;Stephen
245 0 _aOrganizational Behavior
260 _bPearsons
_aIndia
_c2012
300 _a623
546 _aEng.
650 _aManagement
_vOB
942 _cBK
999 _c6740
_d6740